000 00419nam a2200157Ia 4500
005 20250702020527.0
008 240331s9999 xx 000 0 und d
020 _a9552103940
082 _bDOO
_a800
100 _aDooma,A
245 0 _aCount of monta Kristo :
_bDeva hasthaya
260 _a Colombo
_bM.D.Gunasena Book & Co
_c1989
300 _a378 p .,
500 _aAn abridged version of the new Story
942 _cL
999 _c5157
_d5157